MDQL
is popping MORE tags! Check the
thread
!
Quizzes
Events
Quiz Creation
Community
Videos
Private Events
Remove Ads
Sign In
Join for FREE
Feedback
Dark Mode
Quiz Categories
Sports
Geography
Music
Movies
Television
Just For Fun
Miscellaneous
History
Literature
Language
Science
Gaming
Entertainment
Religion
Holiday
For Kids
Quiz Lab
Recent
Popular Today
Quiz Kudos Today
Editor Picks
Curator Picks
Quizzes by...
Day
Popularity
Type
Ratings
Length
Year
Community
Subscriptions
Recent Discussions
Orange Saloon
Badges
Playlists
Quests
Create
Leaderboards
Showdown
Live 5
Trivia Bingo
Activity
Puzzle Library
Sporcle Events
Private Events
Virtual Trivia
Globe League
Become a Host
Pub Owners
SporcleCon
Opinionation
Our Games
Videos
Blog
Mobile Apps
Partnerships
Remove Ads and Go Orange
Feedback
History
US Presidents
World Leaders
Politics
Nation
Discovery
War
Decade
Year
Century
Biography
Art
History
US Presidents
World Leaders
Politics
Nation
Discovery
War
Decade
Year
Century
Biography
Art
Random Quiz
Search Sporcle
×
Quiz Lab
Quiz Lab
History
Country
Type in answers that appear in a list
Type in answers that appear in a list
Classic
Best Score? Go Orange.
Country by Dictator Stats
Can you name the countries by these modern dictators?
By
Scorpio
20m
108 Questions
2,745 Plays
2,745 Plays
2,745 Plays
Comments
Comments
Give Quiz Kudos
Give Quiz Kudos
-
- Ratings
hide this ad
More Info
Forced Order
Answers have to be entered in order
Answers have to be entered in order
Replay
Link that replays current quiz
Next Quiz
Link to next quiz in quiz playlist
You Got
0%
They Got
Avg Score
36%
Avg Friend Score
Upgrade to see
Score Distribution
Jump to the score distribution portion of the page
Score
0/108
Timer
20:00
1
Play Today
Dictator
Country
% Correct
Adolf Hitler
Germany
99.6%
Kim Il-
sung
North Korea
98.1%
Francisco Franco
Spain
86.2%
Mao Zedong
China
84%
Saddam Hussein
Iraq
83.8%
Joseph Stalin
Soviet Union
82.3%
Robert Mugabe
Zimbabwe
81.9%
Augusto Pinochet
Chile
80.3%
Napoleon Bonaparte
France
79.6%
Fidel Castro
Cuba
79.1%
Pol Pot
Cambodia
78.7%
Georgios Papadopoulos
Greece
76.9%
Benito Mussolini
Italy
76.9%
Muammar al-
Gaddafi
Libya
74.6%
Nicolae Ceaușescu
Romania
73.6%
François Duvalier
Haiti
72.3%
Idi Amin
Uganda
70%
Juan Perón
Argentina
69.6%
Mustafa Kemal Atatürk
Turkey
66%
Josip Broz Tito
Yugoslavia
65.3%
Chiang Kai-
shek
China/Taiwan
65%
Hideki Tojo
Japan
64.3%
Hafez Al-
Assad
Syria
63.3%
Alexander Lukashenko
Belarus
63.2%
Park Chung-
hee
South Korea
60.3%
Fahd bin Abdulaziz Al Saud
Saudi Arabia
58.9%
Gamal Abdel Nasser
Egypt/United Arab Republic
58.6%
Manuel Noriega
Panama
57.5%
Suharto
Indonesia
57.2%
Enver Hoxha
Albania
56.9%
Ngô Đình Diệm
South Vietnam
52.4%
Ayatollah Ruhollah Khomeini
Iran
52.3%
Than Shwe
Myanmar
52.2%
Ferdinand Marcos
Philippines
52%
Porfirio Díaz
Mexico
49.6%
Omar al-
Bashir
Sudan
49.4%
Dictator
Country
% Correct
António de Oliveira Salazar
Portugal
48.1%
Charles Taylor
Liberia
47.9%
Józef Piłsudski
Poland
46.7%
Mswati III
Swaziland
46.3%
Joseph Mobutu Sese Seko
Zaire
45.7%
Lee Kuan Yew
Singapore
43.2%
Alfredo Stroessner
Paraguay
40.9%
Islom Karimov
Uzbekistan
40.9%
Nursultan Nazarbayev
Kazakhstan
40.2%
Rafael Trujillo
Dominican Republic
39.3%
Saparmurat Niyazov
Turkmenistan
38%
Hassan II
Morocco
37.7%
Zine El Abidine Ben Ali
Tunisia
37.3%
Ali Abdullah Saleh
(North) Yemen
35.3%
Emomalii Rahmonov
Tajikistan
34.8%
Muhammad Zia-
ul-
Haq
Pakistan
34.1%
Mátyás Rákosi
Hungary
33.2%
Mohamed Siad Barre
Somalia
32.4%
Mengistu Haile Mariam
Ethiopia
31.7%
Todor Zhivkov
Bulgaria
31.2%
José Eduardo dos Santos
Angola
30.1%
Isaias Afewerki
Eritrea
30%
Qaboos bin Said al Said
Oman
29.3%
Engelbert Dollfuss
Austria
29%
Ante Pavelić
Croatia
28.9%
Jean-
Bédel Bokassa
Central African Republic
28.7%
Paul Biya
Cameroon
27.9%
Anastasio Somoza Debayle
Nicaragua
27.7%
Ilham Aliyev
Azerbaijan
27.4%
Thanom Kittikachorn
Thailand
27.1%
Hamad bin Khalifa Al Thani
Qatar
26.1%
Mohammed Omar
Afghanistan
26.1%
Frank Bainimarama
Fiji
25.9%
Kārlis Ulmanis
Latvia
25.7%
Khorloogiin Choibalsan
Mongolia
25.5%
Yahya Jammeh
The Gambia
25.4%
Dictator
Country
% Correct
Laurent Gbagbo
Cote d'Ivoire
24.5%
Omar Bongo
Gabon
24.2%
Ahmed Sékou Touré
Guinea
23.1%
Kenneth Kaunda
Zambia
21.9%
Jerry Rawlings
Ghana
21.8%
Denis Sassou Nguesso
Republic of the Congo
21.7%
Houari Boumediene
Algeria
21.4%
Francisco Macías Nguema
Equatorial Guinea
20.9%
Dési Bouterse
Suriname
20.7%
Hissène Habré
Chad
19.2%
Gnassingbé Eyadéma
Togo
19.2%
Blaise Compaoré
Burkina Faso
19.1%
Marcos Pérez Jiménez
Venezuela
18.8%
Juan María Bordaberry
Uruguay
18.6%
Samora Machel
Mozambique
18.3%
Forbes Burnham
Guyana
17.7%
Antanas Smetona
Lithuania
17.7%
Hastings Kamuzu Banda
Malawi
16.8%
Ibrahim Babangida
Nigeria
16.5%
Gustavo Rojas Pinilla
Colombia
16.4%
Guillermo Rodríguez Lara
Ecuador
15.8%
Mahathir bin Mohamad
Malaysia
15.4%
Didier Ratsiraka
Madagascar
15.4%
Ismaïl Omar Guelleh
Djibouti
15.4%
Juvénal Habyarimana
Rwanda
15.4%
Mathieu Kérékou
Benin
14.9%
Hugo Banzer Suárez
Bolivia
14.7%
Efraín Ríos Montt
Guatemala
14.6%
Michel Micombero
Burundi
14.3%
Juan Velasco Alvarado
Peru
13.9%
Maximiliano Hernández Martínez
El Salvador
13.3%
Moussa Traoré
Mali
13.2%
Tiburcio Carías Andino
Honduras
13.1%
Siaka Stevens
Sierra Leone
12.1%
Hussain Muhammad Ershad
Bangladesh
11.9%
Emílio Garrastazu Médici
Brazil
11.7%
Quiz Playlist
Details
Report
Send in Message
Add To Playlist
More Info:
Does include monarchs, who have absolute power by law or are ruling dictatorial by force.
Classic:
Type in answers that appear in a list
Forced Order:
Answers have to be entered in order
Last Updated: Apr 26, 2017
Quiz Scoreboard
CHALLENGE
Sign Up to Join the Scoreboard
Show All
Scores
Hide
Comments
May contain spoilers
Recently Published
1-10 Letter E Words III
by El_Dandy
Language
2m
Street Fighter Characters
by Artimus82
Gaming
60s
College Basketball Coaching Resumes
by pancakes188
Sports
9m
More to Explore
Quiz From the Vault
Featured Blog Post
Where Did the Easter Bunny Come From?
hide this ad
You Might Also Like...
Tags
Country Quiz
dictator
Modern
Power
Today's Top Quizzes in History
Browse History
hide this ad
Today's Top Quizzes in Country
Browse Country
Top Contributed Quizzes in History
1
Popular People in 1991
2
Popular People in 1981
3
Popular People in 1951
4
Popular People in 1941
5
Popular People in 1986
6
Popular People in 1976
7
Popular People in 1921
8
5-to-1: 20th Century Images of War
9
I Am Born On March 28th
10
Popular People in 1946
Explore More
Trending Topics
Kpop
Harry Potter
Disney
NBA
Crossword
Marvel
Anime
Song
Pokémon
Puzzle
NFL
WWE
The Office
Soccer
Country
hide this ad
More By:
Scorpio
Quiz
Plays
Rating
Category
Featured
Created
Second 'U' Countries
150,656
4.53
Geography
Apr 24, 2010
Best African Olympic Countries
69,792
4.49
Sports
Nov 25, 2009
Premier League Darts
12,701
4.40
Sports
Feb 12, 2010
Historical Events of 1986
11,536
4.64
History
Jul 2, 2011
Largest European 'B' Cities
6,808
4.67
Geography
Jun 12, 2010
Go to Creator's Profile
Score Distribution
Quiz Creator Spotlight
Scorpio
Follow
Send a Message
Quizzes Created
-
Created Quiz Play Count
-
More By This Creator
Popular Quizzes Today
1
Find the US States - No Outlines Minefield
2
Find the Countries of Europe - No Outlines Minefield
3
Find the US States
4
The Countries of the World
5
Risky Map Clicking: Biggest States A-Z
6
US States
7
Popular People in 1961
8
Movies - When Are They Set?
More History Quizzes
Unlucky 13: General Presidents
Quiz Lab
Trending Quizzes
Risky Map Clicking: Least Populous States A-Z
1-10 Letter G Words
Countries of the World: 200 Million BC
1-10 Letter F Words
Risky Map Clicking: Next State Alphabetically
Recently Updated
Largest US Cities 1790-2010
pecheneg
Rides in Walt Disney World
pecheneg
Most Oscar Losses (Acting)
pecheneg
Beyoncé Albums
pecheneg
Leaping Animals
pecheneg
Reality TV Shows (A-Z)
bhenderson79
Rickey Henderson's Hall of Fame Teammates
pecheneg
Champions League XIs: Arsenal
pecheneg
Quick Pick: Celebrities in WWE's Hall of Fame
aduchscher
A-Z Keypad Blitz II
pecheneg
Trending Topics
NBA
Anime
Crossword
Harry Potter
Marvel
Disney
Kpop
WWE
Song
Soccer
Pokémon
NFL
The Office
Puzzle
Country
Your Account Isn't Verified!
In order to create a playlist on Sporcle, you need to verify the email address you used during registration. Go to your
Sporcle Settings
to finish the process.
Report this User
Report this user for behavior that violates our
Community Guidelines
.
Details:
Send Report
Go to the Sporcle.com Mobile Site →
Comments